000 00776nam a2200205 i 4500
001 149877
003 ES-MaACL
005 20230906203308.0
007 t|
008 071024s1920 sp ||||1| cat d
100 1 _aValls i Taberner, Ferran.
_9112942
245 1 0 _aDiscursos llegits en la "Real Academia de Buenas Letras" de Barcelona en la solemne recepció de Ferran Valls y Taberner, el dia 30 de maig de 1920.
260 _aBarcelona :
_bLa Renaixensa,
_c1920.
300 _a31 p. ;
_c26 cm.
500 _aTítulo del discurso: Les genealogies de Roda o de Meyáa.
651 4 _aBarcelona-
_xGenealogía.
_97860
710 2 _aReial Acadèmia de Bones Lletres de Barcelona.
_9176228
740 4 _aLes genealogies de Roda o de Meyáa.
852 _aES-MaACL
_j1628-F-5
999 _c149877
_d149877